| 000 | 00558nam a2200181Ia 4500 | ||
|---|---|---|---|
| 999 |
_c27204 _d27204 |
||
| 003 | OSt | ||
| 005 | 20260416152737.0 | ||
| 008 | 190216s9999||||xx |||||||||||||| ||und|| | ||
| 020 | _a8171803903 | ||
| 040 | _coclc | ||
| 082 |
_a894.8124 _bYAT/K |
||
| 100 |
_aYati, Nitya Chaitanya _96870 |
||
| 245 | 0 |
_aKumaranasan : _bAshane Pattiyulla Moonu Prabandhangal / _cNitya Chaitanya Yati |
|
| 260 |
_bPoorna Publications, _aKozhikode: _c1994. |
||
| 300 | _a130p | ||
| 650 | _aLekhanam | ||
| 942 |
_cBK _2ddc _h894.8124 _iYAT/K _k894.8124 _mYAT/K |
||